Odd But True Facts XIX Quiz Stats

 Plays Quiz Updated Aug 13, 2018

Score 0/27 Timer 07:00
10 Plays Today
% Correct
handshakes
92.4%
water pistols are banned
92.4%
pure gold
90.7%
open arrest warrants
88.7%
cigar
88.4%
a red hat
88.1%
farting on it
87.9%
your Wi-Fi
87.4%
samurai sword and a blowtorch
84.9%
a stunt double
84.8%
fatal heart disease
84.2%
Michael Jackson
83.9%
a wedding planner
83.4%
a horse-powered nutcracker
82.3%
% Correct
fix the roof
80.4%
Air Force One
80%
a 1968 Ford GT
80%
Mark Twain
79.7%
dandruff
79.6%
just one patient
77.2%
a stolen bucket
76.6%
milk
75.9%
a clown in a tub being pulled by geese
73.7%
asbestos
69.8%
George H. W. Bush's dogs
69.5%
sticky rice
67.8%
broken bones
61.5%

You're not logged in!

Compare scores with friends on all Sporcle quizzes.
OR
Log In

Sporcle TV

Today on Sporcle TV


Watch our educational content, quiz creation guides, and fun videos on Sporcle TV.

Show Comments

Extras

Top Quizzes Today


Score Distribution

Your Account Isn't Verified!

In order to create a playlist on Sporcle, you need to verify the email address you used during registration. Go to your Sporcle Settings to finish the process.

Report this User

Report this user for behavior that violates our Community Guidelines.

Details: